00833nam a2200169Ia 4500003000900000008004100009040001600050080001500066100002000081111012800101245027700229260005900506300001300565490002400578650004100602650002000643IN-BaIIA211028s9999 xx 000 0 eng d cIIA Library a52-77bLOW aErickson, W. C. aWorkshop on Low Frequency Radio AstronomycNational Radio Astronomy Observatory, Green Bank, West Virginiad1984 Nov. 16-17 0aLow frequency radio astronomybproceedings of a workshop on low frequency radio astronomy, held in National Radio Astronomy Observatory, Green Bank, West Virginia, november 16-17,1984cW. C. Erickson and edited by H. V. Cane  aGreen BankbNational Radio Astronomy Observatoryc1986 av, 115p. aNRAO Workshop no.10 aAstronomy and astrophysics thesaurus aRadio astronomy